Loading...

Micro - nano fabrication: technologies and applications

Bibliographic Details
Main Author: Cui, Zheng
Format: Printed Book
Language:English
Published: Beijing Higher education press 2005
Subjects:
LEADER 00642nam a22001697a 4500
005 20151026130328.0
008 091020t xxu||||| |||| 00| 0 eng d
020 |a 7-04-017663-7 
080 |a 621.71.9  |b CUI 
100 |a Cui, Zheng  |9 7593 
245 |a Micro - nano fabrication:  |b technologies and applications 
260 |a Beijing  |b Higher education press  |c 2005  |9 7594 
300 |a x, 304p. 
653 |a Optical lithography  |a Electron beam lithography  |a Ion beam lithography  |a Fabrication technologies 
942 |c BK  |6 _ 
999 |c 3329  |d 3329 
952 |0 0  |1 0  |2 udc  |4 0  |6 621719_CUI  |7 0  |9 13722  |a UL  |b UL  |d 2009-10-20  |o 621.71.9 CUI  |p 00055233  |r 2009-10-20  |w 2009-10-20  |y BK